Представление документа в формате RUSMARC

ПолеНазваниеЗначение
  Тип записи a
  Библиографический уровень m
001 Контрольный номер RU/IS/BASE/354712306
005 Дата корректировки 20201206204600.3
010 Индекс ISBN __
a ISBN 966-7104-09-5
d Цена 50-00
101 Язык документа 0_
a Язык текста rus
c Язык оригинала rus
200 Заглавие и сведения об ответственности 1_
a Заглавие Акватерапия - целебная сила воды
f Первые сведения об ответственности Ю. Драгомирецкий
b Общее обозначение материала Текст
210 Выходные данные __
a Место издания Донецк
c Издательство Сталкер
d Дата издания 1997
215 Физическое описание __
a Объем 352 с.
330 Аннотация __
a Аннотация Увлекательное путешествие в мир воды - мир, который вокруг нас, в нас и в любом живом организме на Земле.
606 Тематические рубрики __
a Основная рубрика Здравоохранение. Медицинские науки
606 Тематические рубрики __
a Основная рубрика Физиотерапия и курортология в целом
610 Ключевые слова __
a Ключевые слова водолечение; обтирание; обливания; обмывания; компрессы; примочки; души; бани; купание; водяные процедуры
686 Индексы других классификаций __
a Классификационный индекс 53.544
700 Автор _1
a Фамилия Драгомирецкий
b Имя Ю.
4 Код отношения 070
801 Источник записи _0
a Страна RU
b Организация Муниципальное бюджетное учреждение культуры "Централизованная библиотечная система" г. Сургут (Центральная городская библиотека им. А. С. Пушкина)
g Правила каталогизации КиК/Елгина
801 Источник записи _1
a Страна RU
b Организация Муниципальное бюджетное учреждение культуры "Централизованная библиотечная система" г. Сургут (Центральная городская библиотека им. А. С. Пушкина)
g Правила каталогизации КиК/Елгина
852 Данные о местонахождении __
j Шифр хранения 53.544
c Каталожный индекс 53.54
i Авторский знак Д 72
901 Тип документа __
t Тип документа m
903 Характеристики (МАРС) __
a Дата передачи 20080722
990 Данные о заказе (DOS) __
j Количество экземпляров (DOS) 1
t N записи в КСУ для И/У (DOS) 200807